| 000 | 01884nam a22002897a 4500 | ||
|---|---|---|---|
| 003 | MN-UlLSGH | ||
| 005 | 20260626120451.0 | ||
| 008 | 260626b mp ||||| mvl| 00| 0 mon d | ||
| 020 | _a978-9919061784 | ||
| 040 | _cMN-ULPAL | ||
| 084 |
_a67.400+67.401 _bС825 |
||
| 100 | 0 |
_aСүнжид, Дугарын. _eзохиогч _916403 |
|
| 245 | 0 | _aҮндсэн хууль, хүний эрх, захиргааны эрх зүй | |
| 260 |
_aУлаанбаатар _b"БиБи принтинг" ХХК _c2025 |
||
| 300 |
_a747 хуудастай _c25 см |
||
| 336 |
_2rdacontent _atext _btxt |
||
| 337 |
_ardamedia _bunmediated |
||
| 338 |
_avolume _brdacarrier |
||
| 520 | _aДоктор Д.Сүнжид энэхүү номондоо үндсэн хууль, хүний эрх, захиргааны эрх зүйн чиглэлээр 2002-2024 онд бичиж боловсруулсан судалгааны ажил, өгүүлэл, илтгэл зэргийг багтаажээ. | ||
| 650 | 4 |
_aүндсэн хууль _xүндсэн хуулийн эрх зүй _xнутгийн удирдлага _xүндсэн хуулийн нэмэлт өөрчлөлт _xүндсэн хуулийн тайлбар _xөмч _zМонгол _zХолбооны бүгд найрамдах Герман улс _916404 |
|
| 650 | 4 |
_aзасаг захиргаа нутаг дэвсгэрийн нэгжийн удирдлага _xхотын эрх зүй _916405 |
|
| 650 | 4 | _aөмчийн эрх зүй | |
| 650 | 4 | _aгазрын эрх зүй | |
| 650 | 4 |
_aхүний эрх _xхүний эрхийн зөрчил _xхөршийн эрх _xжендэр _xболовсрол _zМонгол _zШвейцарь _916406 |
|
| 650 | 4 |
_aзахиргааны эрх зүй _zМонгол _zХолбооны бүгд найрамдах Герман улс _916407 |
|
| 942 |
_2ББК _cBK _n0 |
||
| 999 |
_c32438 _d32438 |
||